000 00465pab a2200169 454500
008 180718b2005 xxu||||| |||| 00| 0 eng d
100 _aKloha, Philip
245 _aSomeone to watch over me: state monitoring of local fiscal conditions
260 _c2005
300 _ap.236-55.
362 _aSep
650 _aLocal finance
700 _aKleine, Robert
700 _aWeissert, Carol S.
773 _aAmerican Review of Public Administration
909 _a66923
999 _c66923
_d66923